1472 1160 1496 1264 1621 1533 1422 1969 1876 1294 1310 1378 1569 1177 1706 1427 1894 1576 1646 1563 1957 1729 1317 1799 1643 1220 1733 1396 1718 1252 1235 1601 1266 1518 1017 1180 1177 1353 1606 1686 1244 1201 1504 1279 1170 1645 1210 1534 1422 1389 1133 1414 1478 1804 1919 1333 1396 1140 1132 1120 1950 1708 1010 1637 1294 1873 1595 1737 1054 1158 1030 1137 1025 1326 1697 1460 1212 1807 1410 1655 1469 1131 1816 1137 1409 1844 1787 1867 1258 1971 1639 1601 1599 1073 1851 1714 1256 1383 1713 BCNSPRNW ULIB Ver.6.0+V

เปลี่ยนเป็นภาษาไทย

Change to English
 แสดงรายละเอียดบรรณานุกรม
  กลับหน้าหลัก

Brief Record : Get Marc (ISO 2709) : E-mail record : QR code < ปิดหน้าต่าง
LEADER : 00000nam 2200000uu 4500
001    13399111818
003     ULIB
008    110708s2549||||th 000 0 tha d
020    9749414098
050  4 DS578.32^bม153ช 2549
100 0  มนตรี แสนสุข
245 10 ชีวิตนอกบ้าน ปุระชัย เปี่ยมสมบูรณ์อยู่อย่างไรในนิวซีแลนด์/^cเรียบเรียงโดย, มนตรี แสนสุข
250    พิมพ์ครั้งที่ 1
260    กรุงเทพฯ :^bอนิเมทกรุ๊ป,^c2549
300    245 หน้า :^bภาพประกอบ (สีบางภาพ) ;^c21 ซม.
600 07 ปุระชัย เปี่ยมสมบูรณ์,^d2493-
650  4 การศึกษา^zนิวซีแลนด์
650  4 ชีวประวัติ
651  7 นิวซีแลนด์^xภูมิประเทศและการท่องเที่ยว
945    ^p170^l0^i019032
995    ทศพร
999 ^a ใช้งานได้ทุกระบบ
รายการนี้ยังไม่มีแท็ก
คุณยังไม่ได้ล็อกอิน คุณสามารถมีกิจกรรมร่วมกับเว็บไซต์ได้ แต่ต้องล็อกอินก่อน ::
  ล็อกอิน

รายการสื่อสารสนเทศ

ลำดับที่ ประเภท เลขเรียก/บาร์โค้ด สถานที่ สถานะ
- ไม่พบข้อมูล -

รายการใกล้เคียง
    หัวเรื่อง [ชีวประวัติ]

BibComment


ยังไม่เคยถูกคอมเมนท์

คอมเมนท์ทรัพยากรรายการนี้
  คอมเมนท์: ชีวิตนอกบ้าน ปุระ..


 Copyright 2026. Bcnsprnw @Library